000 00879nam a2200277 i 4500
001 185024
003 SpMaBN
005 20230906222331.0
008 160307s1989 sp |||| | spa d
020 _a84-306-1294-7
080 _a115
100 1 _aJankélévitch, Vladimir.
_966033
245 1 3 _aLa aventura
_b. El aburrimiento. Lo serio /
_cVladimir Jankélévitch ; versión castellana de Elana Benarroch.
260 _aMadrid :
_bTaurus,
_c[1989]
300 _a188 p. ;
_c21 cm.
490 1 _aEnsayistas ;
_v294
504 _aReferencias bibliográficas.
650 0 7 _aTiempo.
_917529
650 0 4 _aPercepción del tiempo.
_915931
700 1 _aBenarroch, Elena.
_927429
740 3 2 _aEl aburrimiento.
740 3 2 _aLo serio.
830 0 _aEnsayistas ;
_v294
_9177257
852 _aES-MaACL
_jL-30247
_z. - Donat. Miguel A. Velasco
999 _c185024
_d185024